000 00413pab a2200145 454500
008 180718b2015 xxu||||| |||| 00| 0 eng d
100 _aLoisona, Sarah Alobo
245 _aRural livelihood diversification in Sub-Saharan Africa: a literature review
260 _c2015
300 _ap.1125-1138.
362 _aSep
650 _aRural development
773 _aJournal of Development Studies
909 _a109516
999 _c109511
_d109511